000 00350nam a2200097Ia 4500
008 180130s9999 xx 000 0 und d
245 _cDebroux, Philippe
_aHuman resource management in Japan
260 _c2014
300 _aBook title: Managing human resources in Asia-Pacific--Acession number C18630; pages 64-81
650 _aPERSONNEL MANAGEMENT--ASIA
999 _c353812
_d353812